00628nam a2200217Ia 4500003000400000005001700004008004100021020001500062040000700077041000800084082002200092100003400114245002000148260003200168300001200200365001300212906002100225942001200246999001900258952013300277OSt20230509163101.0210423s2009 xx 000 0 und d a8131509540 cAL aeng a573.21 223bCUMM aCUMMINGS (Michael R).9101636 aHuman genetics. aU KbCengage Learningc2009 a460bPB b425cINR agenetics ; Human 2ddccBK c164069d164069 001040708BTaSACPGbSACPGd2009-09-17eKnowledge Worldg425.00l0o573.21 CUMMpPG010567r2022-08-24 00:00:00w2021-04-26yBK